[Event "FRA-ch op-B"]
[Site "Aix les Bains"]
[Date "2003.08.23"]
[Round "5"]
[White "Bouzid, Kamel"]
[Black "Pereira da Cruz, Ludovic"]
[Result "1-0"]
[WhiteElo "1670"]
[BlackElo "1730"]
[PlyCount "54"]
[EventDate "2003.08.19"]
[EventType "swiss"]
[EventRounds "9"]
[EventCountry "FRA"]
[SourceTitle "EXT 2004"]
[Source "ChessBase"]
[SourceDate "2003.11.25"]
[SourceVersion "1"]
[SourceVersionDate "2003.11.25"]
[SourceQuality "1"]

1. e4 e6 2. d4 d5 3. Nc3 Nf6 4. e5 Nfd7 5. Bd3 Be7 6. Be3 c5 7. Nf3 Nc6 8. dxc5 Nxc5 9. Bb5 Bd7 10. Qe2 Qc7 11. Bxc6 Bxc6 12. 0-0 Nd7 13. Bd4 0-0 14. Rfe1 Nb6 15. b3 Rac8 16. Rac1 Bb4 17. Ng5 Bd7 18. Qd3 g6 19. Re3 h6 20. Nf3 Na8 21. Nh4 Kg7 22. Rg3 Be8 23. Nb5 Qe7 24. Nd6 Qxh4 25. Nxc8 Bd7 26. Rh3 Qf4 27. Be3 Qxe5 1-0